Norma Chilena Oficial NCh 933 Of97

Sparad:
Bibliografiska uppgifter
Institutionella upphovsmän: Instituto Nacional de Normalización (Författare, medförfattare), INN (Författare, medförfattare)
Materialtyp: Bok
Språk:spanska
Publicerad: Santiago Instituto Nacional de Normalización 1997
Upplaga:1a. ed
Ämnen:
Taggar: Lägg till en tagg
Inga taggar, Lägg till första taggen!

MARC

LEADER 00000nam a2200000 a 4500
001 UCK5775
003 CL-VaPUC
008 050826e19970000CL |||||||||||||||||spa|d
082 0 4 |a 620.86  |b INS  |2 21 
110 2 |a Instituto Nacional de Normalización  |e author  |9 494705 
710 2 |a INN  |e author  |9 494706 
245 1 0 |a Norma Chilena Oficial NCh 933 Of97 
246 1 0 |a Prevención de incendio en edificios - Terminología 
250 |a 1a. ed 
300 |a 13 p 
942 |c BK 
945 |d 20050826 00:00:00  |a cmena 
260 |a Santiago  |b Instituto Nacional de Normalización  |c 1997 
650 0 |a Prevención de incendios  |9 421376 
650 0 |a Edificios   |9 260501 
650 0 |a Medidas de seguridad  |9 264085 
583 |a last modification  |c 20050826 00:00:00  |k Rodrigo Vera 
999 |c 314238  |d 314236